Maldives : Joint Staff Advisory Note of the Poverty Reduction Strategy Paper.

The Joint Staff Advisory Note report assesses that Maldives has achieved notable development progress through sound macroeconomic management, tourism development, and public service provision improvement under the Poverty Reduction Strategy Paper (PRSP). Executive Directors emphasized the need to st...

Celý popis

Podrobná bibliografie
Korporativní autor: International Monetary Fund
Médium: Časopis
Jazyk:English
Vydáno: Washington, D.C. : International Monetary Fund, 2008.
Edice:IMF Staff Country Reports; Country Report ; No. 2008/025
On-line přístup:Full text available on IMF
LEADER 01757cas a2200241 a 4500
001 AALejournalIMF009792
008 230101c9999 xx r poo 0 0eng d
020 |c 5.00 USD 
020 |z 9781451825503 
022 |a 1934-7685 
040 |a BD-DhAAL  |c BD-DhAAL 
110 2 |a International Monetary Fund. 
245 1 0 |a Maldives :   |b Joint Staff Advisory Note of the Poverty Reduction Strategy Paper. 
264 1 |a Washington, D.C. :  |b International Monetary Fund,  |c 2008. 
300 |a 1 online resource (13 pages) 
490 1 |a IMF Staff Country Reports 
500 |a <strong>Off-Campus Access:</strong> No User ID or Password Required 
500 |a <strong>On-Campus Access:</strong> No User ID or Password Required 
506 |a Electronic access restricted to authorized BRAC University faculty, staff and students 
520 3 |a The Joint Staff Advisory Note report assesses that Maldives has achieved notable development progress through sound macroeconomic management, tourism development, and public service provision improvement under the Poverty Reduction Strategy Paper (PRSP). Executive Directors emphasized the need to strengthen the fiscal policy framework, develop institutions, implement structural reforms and a realistic budget to mitigating risks, and ensure macroeconomic stability. Directors welcomed the Seventh National Development Plan, the new Poverty Reduction Strategy Paper, and stressed the need for significant efforts to ensure the successful implementation of the economic development program. 
538 |a Mode of access: Internet 
830 0 |a IMF Staff Country Reports; Country Report ;  |v No. 2008/025 
856 4 0 |z Full text available on IMF  |u http://elibrary.imf.org/view/journals/002/2008/025/002.2008.issue-025-en.xml  |z IMF e-Library